00667nam a2200193 u 450000100100000000500170001000800410002702000150006804000250008308200190010810000330012724501330016026000430029349000190033665000240035565000460037965100290042583000190045400002031420200929170348.0100813s1968 xx 000 0 spa d a0944499430 aDO-SdBNPbspacBNPHU a984.052bS315d1 aGuevara, Ernesto,d1928-196710aThe diary of Che Guevara :bBolivia, November 7, 1966-October 7, 1967 /cintroducció de Fidel Castro. Edited by Robert Scheer. aUnited Setates :bBantam Books,c1968.1 aA Bantam extra 4aGuerrillaszBolivia 4aActividades subversivas bolivia.zBolivia 4aBoliviaxHistoriay1938- 0aA Bantam extra